| 000 | 00803cam a2200277 4500 | ||
|---|---|---|---|
| 001 | 1306528 | ||
| 003 | LC | ||
| 005 | 20160317154614.0 | ||
| 008 | 701208s1970 mau 000 1 eng | ||
| 010 | _a 77131254 | ||
| 040 |
_aDLC _cDLC _dDLC |
||
| 050 | 0 | 0 |
_aPZ 4 _b.W242 1970 |
| 082 | 0 | 0 |
_aFIC _bW18n 1970 |
| 100 | 1 |
_aWambaugh, Joseph. _917887 |
|
| 245 | 1 | 4 |
_aThe new centurions / _cJoseph Wambaugh. |
| 250 | _a[1st ed.] | ||
| 260 |
_aBoston : _bLittle, Brown, _cc1970. |
||
| 300 |
_a376 p. : _c18 cm. |
||
| 350 | _a$6.95 | ||
| 650 | 0 |
_aPolice _zCalifornia _zLos Angeles _xFiction. _917888 |
|
| 651 | 0 |
_aLos Angeles (Calif.) _xFiction. _917889 |
|
| 655 | 7 |
_aDetective and mystery stories. _2gsafd _93472 |
|
| 906 |
_a7 _bcbc _corignew _d2 _encip _f19 _gy-gencatlg |
||
| 942 |
_2lcc _cBK |
||
| 999 |
_c10839 _d10839 |
||